Estadísticas para Banderas con más azul

Haz click aquí para tomar la prueba!

Estadísticas generales

  • Esta prueba ha sido tomada 2.111 veces
  • La puntuación promedio es 14 de 16

Estadísticas de respuestas

Respuesta% Correcto
Australia
98%
Nueva Zelanda
97%
Suecia
96%
Kosovo
92%
Bosnia y Herzegovina
91%
Kazajistán
91%
Somalia
85%
Estados Federados de Micronesia
84%
Fiyi
84%
Palaos
83%
Islas Marshall
82%
Santa Lucía
82%
Nauru
79%
Tuvalu
78%
Botsuana
74%
Cabo Verde
72%

Distribución de puntuación

Porcentaje por número respondido

Porcentaje de gente con cada puntuación

Historial de tus puntuaciones

No has tomado esta prueba